书目信息 |
| 题名: |
广义相对论和宇宙学的物理基础
|
|
| 作者: | 李复 编著 | |
| 分册: | ||
| 出版信息: | 北京 气象出版社 2000 |
|
| 页数: | 226页 | |
| 开本: | 19cm | |
| 丛书名: | ||
| 单 册: | ||
| 中图分类: | O412.1 | |
| 科图分类: | ||
| 主题词: | 广义学相对论 , 宇宙学--相对论 | |
| 电子资源: | ||
| ISBN: | 7-5029-2871-5 | |
| 000 | 00603nam0 2200205 45 | |
| 001 | 0309170646 | |
| 005 | 20031219104114.9 | |
| 010 | @a7-5029-2871-5@dCNY15.00 | |
| 100 | @a20030917d2000 km y0chiy0120 ea | |
| 101 | 0 | @achi |
| 105 | @a z 000yy | |
| 200 | 1 | @a广义相对论和宇宙学的物理基础@AGuang Yi Xiang Dui Lun He Yu Zhou Xue DeWu Li Ji Chu@f李复编著@FLi Fu Bian Zhu |
| 210 | @a北京@c气象出版社@d2000 | |
| 215 | @a226页@d19cm | |
| 606 | 0 | @a广义学相对论 |
| 606 | 0 | @a宇宙学@x相对论 |
| 690 | @aO412.1@v4 | |
| 701 | 0 | @a李复@4编著 |
| 801 | @aCN@bTSTC@c20031008 | |
| 905 | @b325488-492@dO412.1@e13@f5 | |
| 广义相对论和宇宙学的物理基础/李复编著.-北京:气象出版社,2000 |
| 226页;19cm |
| ISBN 7-5029-2871-5:CNY15.00 |
| ● |
| 相关链接 |
|
|
|
|
正题名:广义相对论和宇宙学的物理基础
索取号:O412.1/13
 
预约/预借
| 序号 | 登录号 | 条形码 | 馆藏地/架位号 | 状态 | 备注 |
| 1 | 0325488 | 203254888 | 第三借阅区/ [索取号:O412.1/13] | 在馆 | |
| 2 | 0325489 | 203254897 | 第三借阅区/ [索取号:O412.1/13] | 在馆 | |
| 3 | 0325490 | 203254904 | 第三借阅区/ [索取号:O412.1/13] | 在馆 | |
| 4 | 0325491 | 203254913 | 第三借阅区/ [索取号:O412.1/13] | 在馆 | |
| 5 | 0325492 | 203254922 | 第二样本阅览室/ [索取号:O412.1/13] | 在馆 |